| 000 | 00869nam a2200229 a 4500 | ||
|---|---|---|---|
| 008 | 120416s1999 ||||||||||||||||| || u | ||
| 020 | _a052143730X | ||
| 050 | _aBF 619.5 Per | ||
| 100 | _aEngestrom, Yrjo | ||
| 245 | 1 | 0 |
_aPerspectives on activity theory _cedited by Yrjo Engestrom |
| 260 |
_aCambridge _bCambridge University Press _c1999 |
||
| 300 | _axiii, 462p. : ill. | ||
| 350 | _a0.00 | ||
| 490 | _aLearning in doing | ||
| 500 | _aBibliography | ||
| 650 | _aIntentionalism - Congresses | ||
| 650 | _aACTION THEORY--CONGRESS | ||
| 700 | _aMiettinen, R | ||
| 700 | _aPanamaki, R | ||
| 710 | _aInternational Congress for Research on Activity Theory (2nd : 1990 : Lahti, Finland) | ||
| 995 |
_D0.00 _FCBU-MAIN LIBRARY (Kitwe) _H1 _I37.50 _M1 _UAVAILABLE _WMay 15, 2006 _ZMain Library Open Access Collection |
||
| 999 |
_c53424 _d53424 |
||